| 000 | 00925nam a2200265 i 4500 | ||
|---|---|---|---|
| 001 | bg | ||
| 100 | 1 | _aKOHN, Alexander | |
| 245 | 1 | 0 |
_aFałszywi prorocy : _boszustwo i błąd w nauce i medycynie / _cAlexander Kohn ; przekł. [z ang.] Piotr Zaborowski. |
| 246 |
_iTyt. oryg.: _aFalse prophets |
||
| 260 |
_aWarszawa : _bWydaw. Naukowe PWN, _c1996. |
||
| 300 |
_a213, [3] s., [4] s. tabl. : _bfot., portr., rys. ; _c25 cm. |
||
| 500 | _aOryg. : "False prophets" 1986. | ||
| 504 | _aBibliogr. s. 203-[214]. | ||
| 650 | 9 |
_aNauki przyrodnicze _xbłędy _xhistoria _y20 w. |
|
| 650 | 9 |
_aNauki przyrodnicze _xfałszerstwo _xhistoria _y20 w. |
|
| 650 | 9 |
_aOszustwo a nauka _xhistoria _y20 w. |
|
| 700 | 1 |
_aZABOROWSKI, Piotr. _eTł. |
|
| 020 | _a8301117982 | ||
| 040 | _cBPK | ||
| 041 | 1 |
_apl _hen |
|
| 080 | _a001.97/.98:5+61]"19"(091) | ||
| 920 | _a83-01-11798-2 | ||
| 942 | _cKS | ||
| 008 | s pl f |000 0 pol | ||
| 999 |
_c31232 _d31232 |
||
| 856 |
_uhttp://koha.tu.koszalin.pl/cgi-bin/koha/opac-detail.pl?biblionumber=31232 _yKatalog online BPK |
||